Teorías de la comunicación

में बचाया:
ग्रंथसूची विवरण
मुख्य लेखक: Otero Bello, Edison (autor)
स्वरूप: पुस्तक
भाषा:स्पेनिश
प्रकाशित: Santiago Universitaria 1998
श्रृंखला:Colección Textos Universitarios
विषय:
टैग: टैग जोड़ें
कोई टैग नहीं, इस रिकॉर्ड को टैग करने वाले पहले व्यक्ति बनें!

MARC

LEADER 00000nam a2200000 a 4500
001 UCO7113
003 CL-VaPUC
008 001110e19980000CL |||||||||||||||||spa|d
020 |a 9561113640 
082 0 4 |a 302.2  |b OTE  |2 21 
100 |a Otero Bello, Edison  |e autor  |9 585504 
245 1 0 |a Teorías de la comunicación 
300 |a 260 p 
942 |c BK 
945 |d 20001110 00:00:00  |a vberengu 
260 |a Santiago  |b Universitaria  |c 1998 
650 0 |a Ciencias sociales   |9 256351 
650 0 |a Medios de comunicación de masas  |9 257273 
650 0 |a Televisión  |9 256845 
650 0 |a Teoría de la comunicación   |9 260752 
650 0 |a Transferencia de información   |9 335933 
583 |a last modification  |c 20001110 00:00:00  |k Rodrigo Vera 
490 0 |a Colección Textos Universitarios 
999 |c 292318  |d 292316 
952 |0 0  |1 0  |4 0  |6 302_200000000000000_OTE_1998  |7 0  |8 A  |9 343101  |a BIBENE  |b BIBENE  |d 2019-11-20  |i 3665917  |o 302.2 OTE 1998  |p 3665917  |r 2025-01-15  |w 2019-11-20  |y BK  |k ICO 
952 |0 0  |1 0  |4 0  |6 302_200000000000000_OTE_1998  |7 0  |8 A  |9 343102  |a BIBCUR  |b BIBCUR  |d 2019-11-20  |i 3697363  |o 302.2 OTE 1998  |p 3697363  |r 2025-04-22  |w 2019-11-20  |y BK  |k PER